000 00592nam a2200229Ia 4500
003 0100
008 130227s9999 xx 000 0 und d
040 _cARRUPELIB
050 _aBT103.C73 2003
100 _aCraig, William Lane
245 _aGod?
245 _ba debate between a christian and an atheist
260 _aOxford
260 _bUniversity Press
260 _C2004
300 _axii
300 _b 156p. 22cm.
650 _bLord's supper- Biblical teaching
650 _cBible NT- Criticism, interpretation
700 _aSinnott-Armstrong, Walter
942 _2lcc
_02
999 _c5652
_d5652